| 000 | 00580nam a2200193 a 4500 | ||
|---|---|---|---|
| 005 | 20230525063621.0 | ||
| 008 | 991125s1981 es 000 0 spa u | ||
| 020 | _a8424154487 | ||
| 035 | _aUPN01000035152 | ||
| 049 | _aI | ||
| 050 | 4 |
_aLB1585 _bL528 |
|
| 245 | 0 | 3 |
_aEl Libro de la naturaleza / _cil. Hutchings ; tr. Diorki. |
| 260 |
_aLeón [Esp.] : _bEverest, _c1981. |
||
| 300 |
_a79 p. : _bprincipalmente il. col. |
||
| 440 | 0 | _aImágenes y palabras | |
| 650 | 4 |
_aCiencias naturales _xEstudio y enseñanza (Elemental) _92812 |
|
| 700 | 1 |
_aHutching, _eil. |
|
| 905 | _aInfantil | ||
| 999 |
_c35152 _d35152 |
||